000 00476nam a2200193Ia 4500
005 20240823012214.0
008 240823s9999||||xx |||||||||||||| ||und||
020 _a81-7319-399-1
041 _aENGLISH
082 _A620.1064 P1
100 _aMohammed Ameen
245 0 _aBoundary Element Analysis : Theory amd Programming
250 _a1st
260 _c2001
_b"Narosa,New Delhi"
500 _aYES
650 _aBoundary
_bMechanical
942 _cBK
999 _c163743
_d163743